South American Countries by Capital City - Statistics

General Stats
  • This quiz has been taken 200 times
  • The average score is 11 of 12
Answer Stats
Hint Answer % Correct
Brasilia Brazil
100%
Buenos Aires Argentina
97%
Lima Peru
94%
Bogota Colombia
93%
Santiago Chile
91%
Caracas Venezuela
91%
Montevideo Uruguay
90%
Georgetown Guyana
89%
La Paz / Sucre Bolivia
87%
Quito Ecuador
87%
Asuncion Paraguay
87%
Paramaribo Suriname
83%
No matching quizzes found
Score Distribution
Percent of People with Each Score
Percentile by Number Answered
Your Score History
You have not taken this quiz